000
00165nam a2200073Ia 4500
008
170617s9999 xx 000 0 und d
100
_a
Tulsi Das-G.S
245
0
_a
SUNDAR KAND
260
_b
Geeta Press
999
_c
15169
_d
15169